书目信息 |
| 题名: |
PIC技术及应用项目教程
|
|
| 作者: | 史宜巧 主编 | |
| 分册: | ||
| 出版信息: | 北京 机械工业出版社 2010.07 |
|
| 页数: | 237页 | |
| 开本: | 26cm | |
| 丛书名: | ||
| 单 册: | ||
| 中图分类: | TM571.6-43 | |
| 科图分类: | ||
| 主题词: | 控制器 , 接触器 , 起动器 , 电磁铁 | |
| 电子资源: | ||
| ISBN: | 978-7-111-25605-2 | |
| 000 | 00694nam0 2200241 450 | |
| 001 | 1158138955 | |
| 005 | 20110610161119.95 | |
| 010 | @a978-7-111-25605-2@dCNY25.00 | |
| 100 | @a20110610d2010 km y0chiy0120 ea | |
| 101 | 0 | @achi |
| 102 | @aCN@b110000 | |
| 200 | 1 | @aPIC技术及应用项目教程@APIC ji shu ji ying yong xiang mu jiao cheng@f史宜巧等主编@Fshi yi qiao deng zhu bian |
| 210 | @a北京@c机械工业出版社@d2010.07 | |
| 215 | @a237页@d26cm | |
| 300 | @a全国高等教育规划教材 | |
| 606 | 0 | @a控制器 |
| 606 | 0 | @a接触器 |
| 606 | 0 | @a起动器 |
| 606 | 0 | @a电磁铁 |
| 690 | @aTM571.6-43@v5 | |
| 701 | 0 | @a史宜巧@Ashi yi qiao@4主编 |
| 801 | 0 | @aCN@bNISOFT@c20110610 |
| 905 | @aBZT@dTM571.6-43@e3 | |
| PIC技术及应用项目教程/史宜巧等主编.-北京:机械工业出版社,2010.07 |
| 237页;26cm |
| 全国高等教育规划教材 |
| ISBN 978-7-111-25605-2:CNY25.00 |
| ● |
| 相关链接 |
|
|
|
正题名:PIC技术及应用项目教程
索取号:TM571.6-43/3
 
预约/预借
| 序号 | 登录号 | 条形码 | 馆藏地/架位号 | 状态 | 备注 |
| 1 | 791475 | 2000791475 | 样本书库/样005架B面2层2列/ [索取号:TM571.6-43/3] | 在馆 | |
| 2 | 791476 | 2000791476 | 中心书库中库/ 中库029架A面2列2层62/ [索取号:TM571.6-43/3] | 在馆 | |
| 3 | 791477 | 2000791477 | 中心书库中库/ 中库029架A面2列2层51/ [索取号:TM571.6-43/3] | 在馆 | |
| 4 | 791478 | 2000791478 | 中心书库中库/ 中库029架A面2列2层60/ [索取号:TM571.6-43/3] | 在馆 | |
| 5 | 791479 | 2000791479 | 中心书库中库/ 中库029架A面2列2层61/ [索取号:TM571.6-43/3] | 在馆 |